Χρήση εργαλείων πληροφορικής στην περιβαλλοντική εκπαίδευση : μια εικαστική παρέμβαση : διπλωματική εργασία

Αποθηκεύτηκε σε:
Λεπτομέρειες βιβλιογραφικής εγγραφής
Κύριος συγγραφέας: Κοντομανώλης, Νικόλαος
Συγγραφή απο Οργανισμό/Αρχή: Πανεπιστήμιο Αιγαίου Σχολή Ανθρωπιστικών Σπουδών Τμήμα Δημοτικής Εκπαίδευσης
Άλλοι συγγραφείς: Τσολακίδης, Κωνσταντίνος (Εισηγητής διατριβής)
Μορφή: Thesis Βιβλίο
Γλώσσα:Greek
Δημοσίευση: 2002
Θέματα:
Ετικέτες: Προσθήκη ετικέτας
Δεν υπάρχουν, Καταχωρήστε ετικέτα πρώτοι!

MARC

LEADER 00000cam a2200000 i 4500
001 1/58412
008 040629s2002 gre d
035 |l 10073940 
040 |a GR-MY-UA  |b gre  |e aacr 
041 0 |a gre 
082 0 |a 304.207  |2 (21) 
100 1 |a Κοντομανώλης, Νικόλαος. 
245 1 0 |a Χρήση εργαλείων πληροφορικής στην περιβαλλοντική εκπαίδευση :  |b μια εικαστική παρέμβαση : διπλωματική εργασία /  |c Κοντομανώλης Νικόλαος ; υπεύθυνοι καθηγητές: Τσολακίδης Κ., Καμπουροπούλου Μ. Δημητρίου Αν. 
260 |c 2002 
300 |a 82 σ.  |b 4 δισκέτες 
502 # # |a Πτυχιακή εργασία – Πανεπιστήμιο Αιγαίου, Ρόδος, 2002. 
504 |a Περιέχει βιβλιογραφικές αναφορές 
610 2 0 |a University of the Aegean  |x Dissertations. 
650 0 0 |a Human ecology  |x Study and teaching (Elementary) 
650 0 0 |a Dissertations, Academic  |z Greece. 
700 1 |a Τσολακίδης, Κωνσταντίνος.  |4 ths 
710 2 |a Πανεπιστήμιο Αιγαίου  |b Σχολή Ανθρωπιστικών Σπουδών  |b Τμήμα Δημοτικής Εκπαίδευσης. 
852 |a INST  |b RHODES  |c DIATR  |e 20040629  |h 304.207 ΚΟΝ  |p 005400018706  |q 005400018706  |t DIE  |y 23 
901 |a BIBL4-2004-2 
909 |a Ρ  |b 109794 
924 |a ΚΟΝΤΟΜΑΝΩΛΗΣ  |b ΝΙΚΟΛΑΟΣ  |y ΡΟΔΟΣ  |z 2002-07 
970 |a ΚΟΥΛΑΚΙΟΤΗ  |b ΛΙΤΣΑ  |z 2004/06/29